1473 1380 1288 1709 1954 1354 1241 1742 1499 1043 1902 1242 1163 1727 1157 1441 1535 1977 1819 1918 1012 1166 1660 1962 1431 1248 1877 1501 1525 1539 1742 1312 1801 1100 1974 1391 1289 1240 1466 1108 1206 1231 1848 1122 1959 1054 1642 1978 1656 1061 1096 1617 1010 1335 1057 1373 1800 1346 1336 1019 1130 1996 1442 1214 1051 1729 1729 1533 1201 1215 1311 1523 1193 1759 1339 1824 1854 1242 1792 1394 1732 1991 1467 1199 1391 1929 1003 1814 1321 1726 1352 1129 1368 1501 1828 1003 1016 1020 1517 BCNSPRNW ULIB Ver.6.0+V

เปลี่ยนเป็นภาษาไทย

Change to English
 แสดงรายละเอียดบรรณานุกรม
  กลับหน้าหลัก

Brief Record : Get Marc (ISO 2709) : E-mail record : QR code < ปิดหน้าต่าง
LEADER : 00000nam 2200000uu 4500
001    13399107980
003     ULIB
008    110213s2544||||th 000 0 tha d
020    9746434578 (ล.1)
020    9746434586 (ล.2)
020    9746434594 (ล.3)
060 04 WY160^bม246ก 2544
110 2  มหาวิทยาลัยสุโขทัยธรรมาธิราช. ^bสาขาวิชาพยาบาลศาสตร์
245 10 การส่งเสริมสุขภาพจิตและการพยาบาลจิตเวช หน่วยที่ 1-7=^bMental healthpromotion and psychiatric nursing /^cสาขาวิชาพยาบาลศาสตร์ มหาวิทยาลัยสุโขทัยธรรมาธิราช
250    พิมพ์ครั้งที่ 1
260    นนทบุรี :^bสำนักพิมพ์มหาวิทยาลัยสุโขทัยธรรมาธิราช,^c2544
300    423หน้า ;^c30 ซม.
500    "เอกสารการสอนชุดวิชา 51102 หน่วยที่ 1-7, 8-10, 11-15" --หน้าปกใน
650  7 การพยาบาลจิตเวชศาสตร์
650  7 การส่งเสริมสุขภาพจิต
945    ^p200^l0^i015253
945    ^p200^l0^i015251
945    ^p200^l0^i015250
945    ^p200^l0^i015249
945    ^p200^l0^i015252
995    เกษร
999 ^a ใช้งานได้ทุกระบบ
รายการนี้ยังไม่มีแท็ก
คุณยังไม่ได้ล็อกอิน คุณสามารถมีกิจกรรมร่วมกับเว็บไซต์ได้ แต่ต้องล็อกอินก่อน ::
  ล็อกอิน

รายการสื่อสารสนเทศ

ลำดับที่ ประเภท เลขเรียก/บาร์โค้ด สถานที่ สถานะ
- ไม่พบข้อมูล -

รายการใกล้เคียง
    หัวเรื่อง [การพยาบาลจิตเวชศาสตร์]
    หัวเรื่อง [การส่งเสริมสุขภาพจิต]

BibComment


ยังไม่เคยถูกคอมเมนท์

คอมเมนท์ทรัพยากรรายการนี้
  คอมเมนท์: การส่งเสริมสุขภาพ..


 Copyright 2026. Bcnsprnw @Library